000 00834nam a2200265 i 4500
001 19177
003 ES-MaACL
005 20230906152024.0
007 t|
008 020628s2002 sp ||||1| spa d
020 _a84-9734-031-0
080 _a821.134.2-92"19"(082.2)
080 _a94(460)"19"(046)
245 0 3 _aUn siglo en 100 artículos /
_cedición a cargo de Justino Sinova.
250 _a1ª ed.
260 _aMadrid :
_bLa Esfera de los Libros,
_c2002.
300 _a526 p. ;
_c24 cm.
490 1 _aLa Esfera literaria
650 1 4 _aArtículos periodísticos-
_zEspaña-
_yS.XX.
_910353
651 4 _aEspaña-
_xHistoria-
_yS.XX-
_vArtículos periodísticos.
_98362
700 1 _aSinova, Justino.
_9106650
830 0 _aLa Esfera literaria
_9182214
852 _aES-MaACL
_jL-25611
_bR.131456
999 _c19177
_d19177